Júlio expõe óleos de 1923 a 1935 (Registo nº 202853)

Detalhes MARC
000 -Etiqueta do registo
Valores 00636nam 22001933 4500
100 ## - Dados gerais de processamento
Dados gerais 20260703d u||y0pory50 ba
200 ## - Titulo e menção de responsabilidade
Título próprio Júlio expõe óleos de 1923 a 1935
Primeira menção de responsabilidade Júlio Maria Pereira
Outras menções de responsabilidade João Gaspar Simões
210 ## - Publicação
Local de publicação Lisboa
Nome do editor Galeria São Mamede
Data de publicação 1970
215 ## - Descrição física 
Paginação / Volumes 14, [5] p.
Outras indicações físicas il. ; brochado
Dimensões 25 cm
300 ## - Notas gerais 
Texto da nota Contém dedicatória na folha de rosto
606 ## - Nome comum usado como assunto
ID Autoridade 2477
Palavra de ordem Pintura
Subdivisão assunto Pintores
675 ## - CDU
Notação 75
Edição PT
Língua por
700 ## - Autor principal (pessoa individual)
ID Autoridade 17701
Apelido Maria Pereira
Nome Júlio
Datas 1902-1983
702 ## - Autor secundário (pessoa individual)
ID Autoridade 6295
Apelido Simões
Nome João Gaspar
801 ## - Fonte de origem
País PT
Agência BMMN
Regras de catalogação RPC
830 ## - Notas gerais do catalogador
Criado por Ana Falardo
Indexado por Ana Falardo
990 ## - Elementos KOHA
Tipo de documento Livro
Exemplares
Situação do levantamento Biblioteca de origem Código de barras Cota Permissão de empréstimo Tipo de documento Nota relativa ao exemplar Forma de aquisição
  Biblioteca Municipal de Montemor-o-Novo 32375 75 JUL|SAF   Livro Acesso Condicionado Oferta

Powered by Koha